Statistics for Taylor Swift or Taters?

Click here to take the quiz!

General Stats

  • This quiz has been taken 268 times
  • The average score is 14 of 20

Answer Stats

QuestionAnswer% Correct
Featured in a Vincent van Gogh painting.Potatoes
98%
Grown in Idaho more than any other state.Potatoes
96%
Romantically linked to Hollywood and sports stars.Taylor Swift
95%
“Spuds” is one of their common nicknames.Potatoes
93%
Awarded the title of Time Magazine’s biggest newsmaker of the year.Taylor Swift
91%
Victim of a Kanye West tirade.Taylor Swift
85%
Had at least one major role in the Toy Story film series.Potatoes
83%
Will float in the Dead Sea.Both
81%
Plays a prominent role in the film Cats.Taylor Swift
81%
Has country roots.Both
79%
Can have many eyes on them.Both
75%
Native to the Americas.Both
73%
Consumed billions of times in 2023.Both
67%
Was difficult for politician Dan Quayle to spell.Potatoe
63%
Their products were consumed more times by Americans in 2023.Potatoes
59%
Sometimes seen in a shiny jacket.Both
54%
Regularly gets mashed up during production.Both
52%
Have 24 pairs of chromosomes.Potatoes
41%
Creations often contain beef.Both
36%
Flowers ended up being one of their prettiest 2023 productions.Potatoes
31%

Score Distribution

Percentile by Number Answered

Percent of People with Each Score

Your Score History

You have not taken this quiz